LIBRARY & INFORMATION CENTRE, KCAET, TAVANUR

ONLINE PUBLIC ACCESS CATALOGUE (OPAC)

Complete Competition Reasoning (Record no. 14476)

MARC details
000 -LEADER
fixed length control field 00306nam a22001217a 4500
082 ## - DEWEY DECIMAL CLASSIFICATION NUMBER
Classification number 028.702
Item number TAR/COM
100 ## - MAIN ENTRY--AUTHOR NAME
Personal name Tarun Goyal
100 ## - MAIN ENTRY--AUTHOR NAME
Personal name Mayank Bhardwaj
245 ## - TITLE STATEMENT
Title Complete Competition Reasoning
260 ## - PUBLICATION, DISTRIBUTION, ETC. (IMPRINT)
Place of publication New Delhi
Name of publisher Knowledge Group Publications
Year of publication 2014
300 ## - PHYSICAL DESCRIPTION
Number of Pages 352
942 ## - ADDED ENTRY ELEMENTS (KOHA)
Koha item type Books
Holdings
Withdrawn status Lost status Damaged status Collection code Home library Current library Shelving location Date acquired Source of acquisition Cost, normal purchase price Full call number Accession Number Koha item type
        KAUAET KAUAET General Stacks 07/07/2016 Aman Book Stall, Calicut 260.00 028.702 TAR/COM 25009 Books
free website counter